000 00522nam a2200181Ia 4500
001 25449
005 20260414151151.0
008 260414t2010||||xx |||||||||||||| ||spa||
041 _aESP
082 _a346.5
_bT78
100 _aTrazegnies Granda, Fernando de
_eAUT
245 0 _aCómo repensar el derecho privado moderno :
_b8 ensayos críticos sobre el contrato y la responsabilidad civil
260 _c2010
300 _axix, 252 páginas :
_c24 cm.
650 _aDER
654 _aCDE
942 _cLIB
_dJUS
_fJUS
_2ddc
_n
999 _c25449
_d25449